[Event "Szuperliga - GM Szabo Laszlo"]
[Site "Biatorbagy"]
[Date "2023.12.10"]
[Round "3.6"]
[White "Vanczak, Tamas"]
[Black "Flumbort, Andras Dr"]
[Result "1/2-1/2"]
[WhiteElo "2422"]
[BlackElo "2451"]
[PlyCount "68"]
[EventDate "2023.10.28"]
[EventType "team-tourn"]
[EventRounds "9"]
[EventCountry "HUN"]
[Source "chess.hu"]
[WhiteTeam "Viadukt Biatorbagy"]
[BlackTeam "Dunaharaszti MTK"]
[WhiteTeamCountry "HUN"]
[BlackTeamCountry "HUN"]

1. e4 c5 2. Nf3 Nc6 3. Bb5 e6 4. O-O Nge7 5. Re1 a6 6. Bf1 d5 7. d3 b5 8. a4 b4
9. Nbd2 dxe4 10. dxe4 Na5 11. Ne5 Qc7 12. Ndc4 Ng6 13. Nxa5 Nxe5 14. Nc4 Nxc4
15. Bxc4 Bd6 16. Qh5 Be5 17. f4 Bd4+ 18. Kh1 O-O 19. Qh3 Bb7 20. c3 Bf6 21. e5
Be7 22. Bd3 g6 23. f5 exf5 24. Bh6 Rfd8 25. Bxf5 Bf8 26. e6 Bxh6 27. Qxh6 fxe6
28. Bxe6+ Kh8 29. cxb4 cxb4 30. Rac1 Qd6 31. Qg5 Rf8 32. Rcd1 Qf4 33. Qxf4 Rxf4
34. Kg1 Re8 1/2-1/2

[Event "Szuperliga - GM Szabo Laszlo"]
[Site "Biatorbagy"]
[Date "2023.12.10"]
[Round "3.7"]
[White "Hoang, Thanh Trang"]
[Black "Pribelszky, Bence"]
[Result "0-1"]
[WhiteElo "2387"]
[BlackElo "2381"]
[PlyCount "75"]
[EventDate "2023.10.28"]
[EventType "team-tourn"]
[EventRounds "9"]
[EventCountry "HUN"]
[Source "chess.hu"]
[WhiteTeam "Dunaharaszti MTK"]
[BlackTeam "Viadukt Biatorbagy"]
[WhiteTeamCountry "HUN"]
[BlackTeamCountry "HUN"]

1. d4 Nf6 2. Nf3 b6 3. e3 Bb7 4. Bd3 d6 5. O-O Nbd7 6. Re1 e5 7. e4 a6 8. a4 g6
9. c3 Bg7 10. d5 O-O 11. Nbd2 c6 12. dxc6 Bxc6 13. Bc2 d5 14. exd5 Bxd5 15. Bb3
Bxb3 16. Nxb3 Qc7 17. Bg5 Rfe8 18. h3 h6 19. Be3 e4 20. Nfd2 Ne5 21. Bd4 Qc6
22. Bxe5 Rxe5 23. Nd4 Qc7 24. Qb3 Rae8 25. Nc4 Rg5 26. Ne3 Nh5 27. Ne2 Nf6 28.
Rad1 h5 29. Qc4 Rc5 30. Qxa6 Bh6 31. Nd4 Bxe3 32. Rxe3 Nd5 33. Ree1 Nf4 34.
Rxe4 Rd8 35. Qf1 Rg5 36. g3 h4 37. g4 f5 38. Nb5 0-1

[Event "Szuperliga - GM Szabo Laszlo"]
[Site "Biatorbagy"]
[Date "2023.12.10"]
[Round "3.8"]
[White "Szeberenyi, Adam"]
[Black "Popovics, Adam"]
[Result "1/2-1/2"]
[WhiteElo "2303"]
[BlackElo "2365"]
[PlyCount "72"]
[EventDate "2023.10.28"]
[EventType "team-tourn"]
[EventRounds "9"]
[EventCountry "HUN"]
[Source "chess.hu"]
[WhiteTeam "Viadukt Biatorbagy"]
[BlackTeam "Dunaharaszti MTK"]
[WhiteTeamCountry "HUN"]
[BlackTeamCountry "HUN"]

1. d4 Nf6 2. c4 g6 3. Nc3 Bg7 4. e4 d6 5. Be2 O-O 6. Nf3 e5 7. O-O exd4 8. Nxd4
Re8 9. f3 Nc6 10. Be3 Nh5 11. Qd2 Nf4 12. Nxc6 Nxe2+ 13. Nxe2 bxc6 14. Bd4 c5
15. Bxg7 Kxg7 16. Nf4 Bb7 17. Rad1 Qf6 18. Rf2 Bc6 19. Nd5 Bxd5 20. Qxd5 Rab8
21. Rdd2 Rb6 22. Rfe2 a5 23. e5 Rxe5 24. Rxe5 Qxe5 25. Qxe5+ dxe5 26. Rd5 Rxb2
27. Rxe5 Rxa2 28. Rxc5 a4 29. Rxc7 Rc2 30. h3 h5 31. c5 a3 32. Ra7 a2 33. Kh2
Kf6 34. c6 Ke6 35. c7 Kd7 36. h4 Kc8 1/2-1/2

[Event "Szuperliga - GM Szabo Laszlo"]
[Site "Biatorbagy"]
[Date "2023.12.10"]
[Round "3.9"]
[White "Borocz, Istvan"]
[Black "Szikszai, Bertalan"]
[Result "1/2-1/2"]
[WhiteElo "2312"]
[BlackElo "2304"]
[PlyCount "149"]
[EventDate "2023.10.28"]
[EventType "team-tourn"]
[EventRounds "9"]
[EventCountry "HUN"]
[Source "chess.hu"]
[WhiteTeam "Dunaharaszti MTK"]
[BlackTeam "Viadukt Biatorbagy"]
[WhiteTeamCountry "HUN"]
[BlackTeamCountry "HUN"]

1. e4 c5 2. Nf3 d6 3. Bb5+ Nd7 4. O-O a6 5. Bd3 Ngf6 6. Re1 b5 7. Bf1 Bb7 8. d3
e6 9. Nc3 Be7 10. Ne2 O-O 11. Ng3 Rc8 12. c3 Qc7 13. h3 Rfd8 14. Bd2 Ne5 15.
Rc1 Nfd7 16. d4 Nc4 17. Bxc4 bxc4 18. Qe2 Nf6 19. Bg5 Qa5 20. d5 Qxa2 21. Ra1
Qb3 22. Nd2 Qc2 23. dxe6 fxe6 24. Nxc4 Qxe2 25. Rxe2 h6 26. Bf4 Ne8 27. Rd1 d5
28. exd5 Bxd5 29. Ne3 Bb7 30. Rde1 Nc7 31. Nc4 Nd5 32. Bc1 Bf8 33. Rxe6 Rc7 34.
R6e2 Nf6 35. Bf4 Rcd7 36. Nf5 Rd1 37. Nfe3 Rxe1+ 38. Rxe1 Nd5 39. Rd1 Be7 40.
Nxd5 Rxd5 41. Rxd5 Bxd5 42. Bd6 Bxc4 43. Bxe7 Kf7 44. Bxc5 g6 45. g4 Ke6 46.
Kg2 Ke5 47. Kg3 Bf1 48. h4 Be2 49. f3 h5 50. Bd4+ Kd5 51. b4 Bd1 52. Kf4 Be2
53. Bg7 Bd1 54. Bh8 Be2 55. Ke3 Bd1 56. Kf4 Be2 57. Kg3 Bd1 58. Kf4 Be2 59.
gxh5 gxh5 60. Ke3 Bd1 61. Bd4 Bc2 62. Kd2 Bg6 63. Kc1 Kc4 64. Kb2 Bf5 65. Ka3
Kb5 66. Be5 Be6 67. f4 Bf5 68. Kb2 Kc4 69. Ka3 Kb5 70. c4+ Kxc4 71. Ka4 Kd5 72.
Ka5 Bd3 73. Kb6 Ke6 74. Kc5 Kf5 75. Kd4 1/2-1/2

[Event "Szuperliga - GM Szabo Laszlo"]
[Site "Biatorbagy"]
[Date "2023.12.10"]
[Round "3.10"]
[White "Toth-Goczo, Melinda"]
[Black "Balint, Vilmos"]
[Result "0-1"]
[WhiteElo "2211"]
[BlackElo "2223"]
[PlyCount "57"]
[EventDate "2023.10.28"]
[EventType "team-tourn"]
[EventRounds "9"]
[EventCountry "HUN"]
[Source "chess.hu"]
[WhiteTeam "Viadukt Biatorbagy"]
[BlackTeam "Dunaharaszti MTK"]
[WhiteTeamCountry "HUN"]
[BlackTeamCountry "HUN"]

1. d4 e6 2. g3 c5 3. Bg2 cxd4 4. Qxd4 Nc6 5. Qa4 d5 6. c4 Nf6 7. Nf3 Bd7 8.
cxd5 Nb4 9. Qd1 Rc8 10. Nc3 Nfxd5 11. O-O Nxc3 12. bxc3 Nd5 13. c4 Rxc4 14. Ne5
Ba4 15. Qd3 Rc7 16. Bb2 f6 17. Qe4 Nb6 18. Nd3 Bd6 19. Qxe6+ Re7 20. Qg4 O-O
21. Rac1 Qe8 22. e3 Qb5 23. Bd4 Nd7 24. Nf4 Ne5 25. Qh5 g6 26. Qh6 Nf7 27. Qh4
g5 28. Qg4 f5 29. Qh5 0-1

[Event "Szuperliga - GM Szabo Laszlo"]
[Site "Budapest"]
[Date "2023.12.10"]
[Round "3.1"]
[White "Mihok, Oliver"]
[Black "Mendonca, Leon Luke"]
[Result "0-1"]
[WhiteElo "2549"]
[BlackElo "2611"]
[PlyCount "54"]
[EventDate "2023.10.28"]
[EventType "team-tourn"]
[EventRounds "9"]
[EventCountry "HUN"]
[Source "chess.hu"]
[WhiteTeam "Duocor-Makoi SVSE"]
[BlackTeam "Aquarena Kobanya SC"]
[WhiteTeamCountry "HUN"]
[BlackTeamCountry "HUN"]

1. e4 c5 2. Nf3 d6 3. d4 cxd4 4. Nxd4 Nf6 5. Nc3 a6 6. Rg1 h5 7. Be3 g6 8. h3
b5 9. a4 bxa4 10. Rxa4 Bb7 11. Nb3 Bc6 12. Ra2 Bg7 13. Nd5 O-O 14. Bb6 Qd7 15.
Nc7 Nxe4 16. Bd3 Rc8 17. Nxa8 Bxa8 18. Qe2 d5 19. Be3 Nd6 20. Nc5 Qd8 21. Nxa6
Nc6 22. f4 e5 23. fxe5 Nxe5 24. Kd1 Nec4 25. b3 Nb5 26. Bd2 Nxd2 27. Bxb5 Ne4
0-1

[Event "Szuperliga - GM Szabo Laszlo"]
[Site "Budapest"]
[Date "2023.12.10"]
[Round "3.3"]
[White "Saric, Sinisa"]
[Black "Samunenkov, Ihor"]
[Result "0-1"]
[WhiteElo "2370"]
[BlackElo "2530"]
[PlyCount "78"]
[EventDate "2023.10.28"]
[EventType "team-tourn"]
[EventRounds "9"]
[EventCountry "HUN"]
[Source "chess.hu"]
[WhiteTeam "Duocor-Makoi SVSE"]
[BlackTeam "Aquarena Kobanya SC"]
[WhiteTeamCountry "HUN"]
[BlackTeamCountry "HUN"]

1. d4 Nf6 2. c4 e6 3. Nc3 Bb4 4. Qc2 d5 5. cxd5 exd5 6. Bg5 h6 7. Bxf6 Qxf6 8.
a3 Bxc3+ 9. Qxc3 O-O 10. e3 Bf5 11. Ne2 c6 12. Nf4 Re8 13. Be2 Nd7 14. O-O a5
15. b4 axb4 16. axb4 b5 17. Rfd1 Nb6 18. Nh5 Qd6 19. Ng3 Bd7 20. Qc5 Qxc5 21.
dxc5 Rxa1 22. Rxa1 Ra8 23. Rb1 Nc4 24. h3 Ra2 25. Bd3 Be6 26. Ne2 Ne5 27. Nc1
Rd2 28. Bf1 Rd1 29. Ra1 d4 30. exd4 Rxd4 31. Ra8+ Kh7 32. Be2 Rxb4 33. Nd3 Re4
34. Bf1 g6 35. f3 Re3 36. Nf4 Bc4 37. Bxc4 Nxc4 38. Kf2 Rb3 39. Ra7 Kg8 0-1

[Event "Szuperliga - GM Szabo Laszlo"]
[Site "Budapest"]
[Date "2023.12.10"]
[Round "3.4"]
[White "Nagy, Gabor"]
[Black "Horvath, Zsolt"]
[Result "1-0"]
[WhiteElo "2447"]
[BlackElo "2385"]
[PlyCount "67"]
[EventDate "2023.10.28"]
[EventType "team-tourn"]
[EventRounds "9"]
[EventCountry "HUN"]
[Source "chess.hu"]
[WhiteTeam "Aquarena Kobanya SC"]
[BlackTeam "Duocor-Makoi SVSE"]
[WhiteTeamCountry "HUN"]
[BlackTeamCountry "HUN"]

1. d4 Nf6 2. c4 e6 3. Nc3 d5 4. cxd5 exd5 5. Bg5 Nbd7 6. e3 Bb4 7. Bd3 c5 8.
Nge2 O-O 9. O-O h6 10. Bh4 c4 11. Bc2 Qa5 12. f3 Bxc3 13. bxc3 Re8 14. Qd2 b6
15. a4 Bb7 16. g4 Nh7 17. Bg3 Bc6 18. h4 Rad8 19. Bc7 Rc8 20. Bh2 Ndf6 21. Ng3
g6 22. Kh1 Kh8 23. h5 Rg8 24. Ne2 Nd7 25. hxg6 fxg6 26. Nf4 Nhf8 27. e4 dxe4
28. d5 Bb7 29. fxe4 Kh7 30. Ne6 Nxe6 31. dxe6 Ne5 32. Qd4 Rc5 33. Bxe5 Rxe5 34.
Rf7+ 1-0

[Event "Szuperliga - GM Szabo Laszlo"]
[Site "Budapest"]
[Date "2023.12.10"]
[Round "3.5"]
[White "Szalai, Kornel"]
[Black "Berczes, David"]
[Result "0-1"]
[WhiteElo "2383"]
[BlackElo "2438"]
[PlyCount "52"]
[EventDate "2023.10.28"]
[EventType "team-tourn"]
[EventRounds "9"]
[EventCountry "HUN"]
[Source "chess.hu"]
[WhiteTeam "Duocor-Makoi SVSE"]
[BlackTeam "Aquarena Kobanya SC"]
[WhiteTeamCountry "HUN"]
[BlackTeamCountry "HUN"]

1. c4 e6 2. Nf3 d5 3. e3 Nf6 4. b3 Bd6 5. Bb2 O-O 6. Qc2 c5 7. d3 Nc6 8. Nbd2
b6 9. Be2 Bb7 10. O-O d4 11. e4 Nd7 12. a3 a5 13. Qd1 f5 14. exf5 exf5 15. Ne1
Qc7 16. g3 f4 17. Bf3 Nf6 18. g4 h6 19. h3 Rae8 20. Ne4 Nxe4 21. Bxe4 f3 22.
Nxf3 Rxe4 23. dxe4 Qf7 24. Kg2 Ne7 25. Re1 Ng6 26. Bc1 Nh4+ 0-1

[Event "Szuperliga - GM Szabo Laszlo"]
[Site "Budapest"]
[Date "2023.12.10"]
[Round "3.6"]
[White "Karacsonyi, Gellert"]
[Black "Tatar Kis, Szabolcs"]
[Result "1-0"]
[WhiteElo "2394"]
[BlackElo "2354"]
[PlyCount "131"]
[EventDate "2023.10.28"]
[EventType "team-tourn"]
[EventRounds "9"]
[EventCountry "HUN"]
[Source "chess.hu"]
[WhiteTeam "Aquarena Kobanya SC"]
[BlackTeam "Duocor-Makoi SVSE"]
[WhiteTeamCountry "HUN"]
[BlackTeamCountry "HUN"]

1. d4 Nf6 2. Bf4 g6 3. Nc3 d5 4. e3 Bg7 5. h4 h5 6. Nf3 c6 7. Ne5 Nbd7 8. f3
Nxe5 9. Bxe5 b5 10. Qd2 Be6 11. Ne2 Kf8 12. Nf4 Bf5 13. O-O-O Nd7 14. Bxg7+
Kxg7 15. Bd3 Bxd3 16. Nxd3 e6 17. Rdf1 Qf6 18. Qc3 Rac8 19. Qa3 Nb6 20. b3 Rc7
21. g4 Qe7 22. Qxe7 Rxe7 23. gxh5 Rxh5 24. Nf4 Rh6 25. h5 Nd7 26. hxg6 Rxh1 27.
Rxh1 fxg6 28. Rg1 Nf8 29. Nd3 Nd7 30. Nf4 Nf8 31. Nd3 Nd7 32. f4 Re8 33. Rh1 a5
34. Kd2 Rc8 35. c3 Re8 36. Ne1 Rh8 37. Rxh8 Kxh8 38. Nf3 Kg7 39. Kd3 Kf7 40. a3
Ke7 41. Ne5 Nxe5+ 42. dxe5 c5 43. b4 axb4 44. axb4 cxb4 45. cxb4 Kd7 46. Kd4
Kc6 47. e4 dxe4 48. Kxe4 Kd7 49. Ke3 Kc6 50. Kf3 Kd5 51. Kg4 Kc4 52. Kg5 Kxb4
53. Kxg6 Ka5 54. f5 b4 55. fxe6 b3 56. e7 b2 57. e8=Q b1=Q+ 58. Kf6 Qf1+ 59.
Ke7 Qf4 60. Qd8+ Ka4 61. Qd7+ Ka5 62. Qd5+ Ka4 63. e6 Qh4+ 64. Ke8 Qh8+ 65. Kd7
Qh3 66. Kc7 1-0

[Event "Szuperliga - GM Szabo Laszlo"]
[Site "Budapest"]
[Date "2023.12.10"]
[Round "3.7"]
[White "Terbe, Julianna"]
[Black "Szabo, Bence"]
[Result "1/2-1/2"]
[WhiteElo "2279"]
[BlackElo "2340"]
[PlyCount "62"]
[EventDate "2023.10.28"]
[EventType "team-tourn"]
[EventRounds "9"]
[EventCountry "HUN"]
[Source "chess.hu"]
[WhiteTeam "Duocor-Makoi SVSE"]
[BlackTeam "Aquarena Kobanya SC"]
[WhiteTeamCountry "HUN"]
[BlackTeamCountry "HUN"]

1. d4 Nf6 2. Nf3 g6 3. g3 Bg7 4. Bg2 O-O 5. O-O d5 6. c4 dxc4 7. Na3 c5 8. Nxc4
Be6 9. Nce5 cxd4 10. Qxd4 Qxd4 11. Nxd4 Bd5 12. Rd1 Na6 13. Bxd5 Nxd5 14. Ndf3
Rfd8 15. Bd2 Rac8 16. Rac1 e6 17. Ba5 Rxc1 18. Rxc1 b6 19. Be1 h6 20. b3 Ne7
21. Kg2 Rd5 22. Nd3 Rd7 23. Nfe5 Rc7 24. Rxc7 Nxc7 25. e4 Na6 26. f4 Kf8 27.
Kf3 Ke8 28. Nc4 Nc8 29. a4 Bf8 30. b4 Nd6 31. Nxd6+ Bxd6 1/2-1/2

[Event "Szuperliga - GM Szabo Laszlo"]
[Site "Budapest"]
[Date "2023.12.10"]
[Round "3.8"]
[White "Krizsany, Laszlo"]
[Black "Udvardi, Zalan"]
[Result "1-0"]
[WhiteElo "2347"]
[BlackElo "2267"]
[PlyCount "97"]
[EventDate "2023.10.28"]
[EventType "team-tourn"]
[EventRounds "9"]
[EventCountry "HUN"]
[Source "chess.hu"]
[WhiteTeam "Aquarena Kobanya SC"]
[BlackTeam "Duocor-Makoi SVSE"]
[WhiteTeamCountry "HUN"]
[BlackTeamCountry "HUN"]

1. b3 e5 2. Bb2 Nc6 3. e3 g6 4. c4 Bg7 5. Nf3 Nge7 6. d4 exd4 7. Nxd4 O-O 8.
Be2 Nf5 9. Nxc6 dxc6 10. Bxg7 Kxg7 11. Qxd8 Rxd8 12. Nc3 Be6 13. Rd1 b6 14. Bf3
Ne7 15. Ke2 a5 16. Rxd8 Rxd8 17. Rc1 h6 18. g3 Kf8 19. Ke1 Kg7 20. Ne2 c5 21.
Nc3 Kf8 22. Nb5 Rd7 23. Bg2 Ke8 24. h3 Kd8 25. g4 Kc8 26. f4 c6 27. Nc3 f5 28.
Bf3 Kc7 29. Ke2 g5 30. fxg5 hxg5 31. Rg1 f4 32. exf4 Ng6 33. fxg5 Nf4+ 34. Ke3
Nxh3 35. Rd1 Rxd1 36. Bxd1 Nxg5 37. Kf4 Nf7 38. g5 Kd8 39. Na4 Kc7 40. g6 Nd6
41. Ke5 Bf5 42. g7 Bh7 43. Bh5 b5 44. Nxc5 Bg8 45. Ne6+ Kd7 46. c5 Nf7+ 47.
Bxf7 Bxf7 48. Ng5 Bg8 49. Ne4 1-0

[Event "Szuperliga - GM Szabo Laszlo"]
[Site "Budapest"]
[Date "2023.12.10"]
[Round "3.9"]
[White "Farkas, Tibor"]
[Black "Havanecz, Bianka"]
[Result "1/2-1/2"]
[WhiteElo "2204"]
[BlackElo "2196"]
[PlyCount "55"]
[EventDate "2023.10.28"]
[EventType "team-tourn"]
[EventRounds "9"]
[EventCountry "HUN"]
[Source "chess.hu"]
[WhiteTeam "Duocor-Makoi SVSE"]
[BlackTeam "Aquarena Kobanya SC"]
[WhiteTeamCountry "HUN"]
[BlackTeamCountry "HUN"]

1. e4 c6 2. d4 d5 3. e5 c5 4. dxc5 Nc6 5. Bb5 e6 6. Be3 Bd7 7. Bxc6 Bxc6 8. Nf3
Ne7 9. c3 Nf5 10. Bd4 Be7 11. O-O O-O 12. Re1 Qc7 13. Nbd2 Rfc8 14. h3 a5 15.
b4 axb4 16. cxb4 Nxd4 17. Nxd4 Ba4 18. Qg4 b6 19. cxb6 Qxb6 20. a3 Rc3 21. N4f3
Bf8 22. Qd4 Qc7 23. Nb1 Rc4 24. Qb2 Rc2 25. Qd4 Rc4 26. Qb2 Rc2 27. Qd4 Rc4 28.
Qb2 1/2-1/2

[Event "Szuperliga - GM Szabo Laszlo"]
[Site "Budapest"]
[Date "2023.12.10"]
[Round "3.10"]
[White "Foldes, Marton Gabor"]
[Black "Meszaros-Csonka, David"]
[Result "1/2-1/2"]
[WhiteElo "2134"]
[BlackElo "1808"]
[PlyCount "86"]
[EventDate "2023.10.28"]
[EventType "team-tourn"]
[EventRounds "9"]
[EventCountry "HUN"]
[Source "chess.hu"]
[WhiteTeam "Aquarena Kobanya SC"]
[BlackTeam "Duocor-Makoi SVSE"]
[WhiteTeamCountry "HUN"]
[BlackTeamCountry "HUN"]

1. e4 c5 2. Nf3 Nc6 3. d4 cxd4 4. Nxd4 Nf6 5. Nc3 e6 6. Ndb5 d6 7. Bf4 e5 8.
Bg5 a6 9. Na3 b5 10. Nd5 Be7 11. Bxf6 Bxf6 12. c4 b4 13. Nc2 a5 14. g3 O-O 15.
Bg2 g6 16. Nxf6+ Qxf6 17. O-O Be6 18. Ne3 Qe7 19. Qd2 Nd4 20. f4 f6 21. Rf2 b3
22. a3 Rfc8 23. Rc1 Rf8 24. Rcf1 Rac8 25. Qd3 Nc2 26. Qxb3 Nxe3 27. Qxe3 Bxc4
28. Rd1 a4 29. h4 Bb3 30. Rd3 Rc5 31. Rfd2 Rc6 32. Kh2 Rfc8 33. f5 Kg7 34. Bh3
R8c7 35. Rf2 Rc2 36. Rdd2 Rxd2 37. Rxd2 Rc2 38. fxg6 Rxd2+ 39. Qxd2 hxg6 40.
Qa5 Qb7 41. Bg2 Bc2 42. Qb4 Qa6 43. Qd2 Bb3 1/2-1/2

[Event "Szuperliga - GM Szabo Laszlo"]
[Site "Gyongyossolymos"]
[Date "2023.12.10"]
[Round "3.1"]
[White "Ruck, Robert"]
[Black "Horvath, Jozsef"]
[Result "0-1"]
[WhiteElo "2531"]
[BlackElo "2416"]
[PlyCount "92"]
[EventDate "2023.10.28"]
[EventType "team-tourn"]
[EventRounds "9"]
[EventCountry "HUN"]
[Source "chess.hu"]
[WhiteTeam "Haladas VSE"]
[BlackTeam "Kekesi SE"]
[WhiteTeamCountry "HUN"]
[BlackTeamCountry "HUN"]

1. Nf3 Nf6 2. c4 g6 3. d4 Bg7 4. g3 d6 5. Bg2 O-O 6. O-O c6 7. Nc3 Qb6 8. c5
dxc5 9. Na4 Qb5 10. Nxc5 Na6 11. a4 Qb6 12. a5 Qb5 13. Nxa6 Qxa6 14. Re1 Rd8
15. Qc2 Be6 16. e4 Qc4 17. Qb1 Qb5 18. h3 Bc4 19. Ra3 c5 20. d5 e6 21. d6 Rxd6
22. e5 Rd3 23. exf6 Rxa3 24. fxg7 Bd3 25. Bf1 Bxb1 26. Bxb5 Rxf3 27. a6 Ba2 28.
axb7 Rb8 29. Bh6 Bd5 30. Rc1 Bxb7 31. Be2 Rb3 32. Bf4 Rc8 33. Be5 Bd5 34. Ra1
Ra8 35. Ra5 c4 36. Kf1 h5 37. Ke1 h4 38. Bd1 hxg3 39. Bxb3 g2 40. Bh2 cxb3 41.
f3 Rc8 42. Kf2 Rc2+ 43. Kg3 Rxb2 44. Bg1 Ra2 45. Rb5 Kxg7 46. Bd4+ f6 0-1

[Event "Szuperliga - GM Szabo Laszlo"]
[Site "Gyongyossolymos"]
[Date "2023.12.10"]
[Round "3.2"]
[White "Bakos, Balazs"]
[Black "Nemeth, Miklos"]
[Result "0-1"]
[WhiteElo "2383"]
[BlackElo "2417"]
[PlyCount "56"]
[EventDate "2023.10.28"]
[EventType "team-tourn"]
[EventRounds "9"]
[EventCountry "HUN"]
[Source "chess.hu"]
[WhiteTeam "Kekesi SE"]
[BlackTeam "Haladas VSE"]
[WhiteTeamCountry "HUN"]
[BlackTeamCountry "HUN"]

1. d4 Nf6 2. c4 e6 3. Nf3 b6 4. Nc3 Bb7 5. Bf4 Bb4 6. Qc2 Ne4 7. e3 O-O 8. Bd3
f5 9. O-O Bxc3 10. bxc3 d6 11. d5 Nc5 12. Bg3 Nxd3 13. Qxd3 e5 14. e4 f4 15.
Bh4 Qe8 16. Ng5 Bc8 17. f3 Qh5 18. Ne6 Bxe6 19. dxe6 Qxh4 20. e7 Qxe7 21. Qd5+
Qf7 22. Qxa8 c6 23. c5 dxc5 24. a4 Qc7 25. a5 Na6 26. axb6 Qxb6 27. Qxf8+ Kxf8
28. Rfb1 Nb4 0-1

[Event "Szuperliga - GM Szabo Laszlo"]
[Site "Gyongyossolymos"]
[Date "2023.12.10"]
[Round "3.3"]
[White "Kovacs, Gabor"]
[Black "Petrisor, Adrian-Marian"]
[Result "1/2-1/2"]
[WhiteElo "2400"]
[BlackElo "2386"]
[PlyCount "132"]
[EventDate "2023.10.28"]
[EventType "team-tourn"]
[EventRounds "9"]
[EventCountry "HUN"]
[Source "chess.hu"]
[WhiteTeam "Haladas VSE"]
[BlackTeam "Kekesi SE"]
[WhiteTeamCountry "HUN"]
[BlackTeamCountry "HUN"]

1. c4 c5 2. Nf3 Nc6 3. e3 e5 4. d4 cxd4 5. exd4 e4 6. Ne5 Nf6 7. Nc3 Qa5 8.
Nxc6 dxc6 9. Be2 Bb4 10. O-O Bxc3 11. bxc3 O-O 12. Rb1 Qf5 13. Qd2 b6 14. Qf4
Re8 15. Re1 h6 16. a4 Qa5 17. Qg3 Kh7 18. Bd2 Bf5 19. Ra1 Bg6 20. Qh4 Re6 21.
Bd1 Rae8 22. Re3 Kg8 23. Rb1 Qa6 24. Bb3 c5 25. Rbe1 Qc8 26. Rh3 e3 27. fxe3
Re4 28. Qf2 Rg4 29. Bc1 Ne4 30. Qf1 Nxc3 31. Rf3 Ne4 32. Rf4 Ng5 33. Rxg4 Qxg4
34. Bd1 Qe4 35. Bb2 Qb1 36. Qe2 Bd3 37. Qd2 Ne4 38. Qc1 Qxc1 39. Bxc1 Bxc4 40.
Ba3 cxd4 41. exd4 Nf6 42. Rxe8+ Nxe8 43. Bf3 Nc7 44. Bd6 Ne6 45. Bb8 a6 46. Bb7
Nxd4 47. Ba7 Ne2+ 48. Kf2 Nc3 49. Bxb6 Nxa4 50. Bd4 f6 51. g4 Kf7 52. h4 Ke6
53. g5 hxg5 54. hxg5 fxg5 55. Kg3 Kf5 56. Bc6 Bb5 57. Bd5 g6 58. Bf3 Ke6 59.
Kg4 Kd6 60. Kxg5 Bd3 61. Kf4 Nc5 62. Ke3 Bb5 63. Be4 g5 64. Bf5 Nd7 65. Bxd7
Kxd7 66. Kd2 Ke6 1/2-1/2

[Event "Szuperliga - GM Szabo Laszlo"]
[Site "Gyongyossolymos"]
[Date "2023.12.10"]
[Round "3.4"]
[White "Bogdan, Dan"]
[Black "Borhy, Marcell"]
[Result "0-1"]
[WhiteElo "2341"]
[BlackElo "2377"]
[PlyCount "96"]
[EventDate "2023.10.28"]
[EventType "team-tourn"]
[EventRounds "9"]
[EventCountry "HUN"]
[Source "chess.hu"]
[WhiteTeam "Kekesi SE"]
[BlackTeam "Haladas VSE"]
[WhiteTeamCountry "HUN"]
[BlackTeamCountry "HUN"]

1. c4 e6 2. Nf3 d5 3. d4 Nf6 4. g3 Bb4+ 5. Bd2 Be7 6. Bg2 c6 7. Qc2 Nbd7 8. O-O
b6 9. Bg5 O-O 10. Rd1 h6 11. Bxf6 Bxf6 12. Nbd2 Bb7 13. e4 Rc8 14. Rac1 c5 15.
exd5 exd5 16. dxc5 Rxc5 17. b4 Rc7 18. Qf5 g6 19. Qh3 h5 20. g4 hxg4 21. Qxg4
Bb2 22. Rc2 Bg7 23. Nf1 Nf6 24. Qh4 Ne4 25. Qf4 Nc3 26. Rxc3 Bxc3 27. cxd5 Rd7
28. Ng5 Bf6 29. Ne4 Bg7 30. Ne3 Re8 31. h4 f5 32. Ng5 Be5 33. Qc4 Bd6 34. Qb3
Qf6 35. Nc4 b5 36. Na5 Rde7 37. Nxb7 Rxb7 38. a4 Rbe7 39. Nf3 Re4 40. axb5 Rxb4
41. Qa2 Qe7 42. Qd2 Qe2 43. h5 Qxd2 44. Rxd2 Rb1+ 45. Bf1 gxh5 46. Ra2 Re7 47.
Nd2 Rg7+ 48. Kh1 Rd1 0-1

[Event "Szuperliga - GM Szabo Laszlo"]
[Site "Gyongyossolymos"]
[Date "2023.12.10"]
[Round "3.5"]
[White "Gombocz, Ferenc Jr"]
[Black "Istvanovszki, Martin"]
[Result "1-0"]
[WhiteElo "2330"]
[BlackElo "2337"]
[PlyCount "73"]
[EventDate "2023.10.28"]
[EventType "team-tourn"]
[EventRounds "9"]
[EventCountry "HUN"]
[Source "chess.hu"]
[WhiteTeam "Haladas VSE"]
[BlackTeam "Kekesi SE"]
[WhiteTeamCountry "HUN"]
[BlackTeamCountry "HUN"]

1. d4 d6 2. e4 g6 3. Nf3 Bg7 4. h3 c5 5. d5 Nf6 6. Nc3 O-O 7. a4 Na6 8. Bc4 Nc7
9. O-O e6 10. Be3 exd5 11. exd5 Re8 12. Re1 Bf5 13. Rb1 Qd7 14. Qd2 Bxh3 15.
gxh3 Qxh3 16. Be2 Qg4+ 17. Kh1 Ne4 18. Nxe4 Qh3+ 19. Kg1 Rxe4 20. Ng5 Rg4+ 21.
Bxg4 Qxg4+ 22. Kh2 Be5+ 23. f4 Qxg5 24. fxe5 Qxe5+ 25. Bf4 Qh5+ 26. Kg2 Nxd5
27. Rbd1 Nb4 28. c3 Nc6 29. Qxd6 Qg4+ 30. Bg3 Qxa4 31. Qf6 h5 32. Rd7 Qb3 33.
Rf1 Rf8 34. Bd6 Qc2+ 35. Kg1 Qd3 36. Rxf7 Qe3+ 37. Kh2 1-0

[Event "Szuperliga - GM Szabo Laszlo"]
[Site "Gyongyossolymos"]
[Date "2023.12.10"]
[Round "3.6"]
[White "Bohati, Tamas"]
[Black "Trbojevic, Mladen"]
[Result "1/2-1/2"]
[WhiteElo "2261"]
[BlackElo "2329"]
[PlyCount "74"]
[EventDate "2023.10.28"]
[EventType "team-tourn"]
[EventRounds "9"]
[EventCountry "HUN"]
[Source "chess.hu"]
[WhiteTeam "Kekesi SE"]
[BlackTeam "Haladas VSE"]
[WhiteTeamCountry "HUN"]
[BlackTeamCountry "HUN"]

1. d4 Nf6 2. c4 g6 3. Nc3 d5 4. Nf3 Bg7 5. e3 O-O 6. cxd5 Nxd5 7. Bc4 Nb6 8.
Bb3 c5 9. O-O cxd4 10. Nxd4 N8d7 11. Qe2 Nc5 12. Rd1 Nxb3 13. axb3 Qc7 14. e4
Bxd4 15. Rxd4 Be6 16. Qb5 Nd7 17. Be3 a6 18. Qa5 b6 19. Qa3 Ne5 20. h3 Nc6 21.
Rd3 b5 22. Nd5 Qb7 23. Rc1 Bxd5 24. Rxd5 Rfd8 25. Qc5 Na5 26. Qb4 Nc6 27. Qc3
Rxd5 28. exd5 Nd8 29. Qe5 f6 30. Qc7 Qxd5 31. Qxe7 Qe6 32. Qb4 Nf7 33. Rc7 Rd8
34. Rc1 Ne5 35. Rc7 Nf7 36. Rc1 Ne5 37. Rc7 Nf7 1/2-1/2

[Event "Szuperliga - GM Szabo Laszlo"]
[Site "Gyongyossolymos"]
[Date "2023.12.10"]
[Round "3.7"]
[White "Sardy, Peter Dr"]
[Black "Blasko, Istvan"]
[Result "1-0"]
[WhiteElo "2383"]
[BlackElo "2265"]
[PlyCount "71"]
[EventDate "2023.10.28"]
[EventType "team-tourn"]
[EventRounds "9"]
[EventCountry "HUN"]
[Source "chess.hu"]
[WhiteTeam "Haladas VSE"]
[BlackTeam "Kekesi SE"]
[WhiteTeamCountry "HUN"]
[BlackTeamCountry "HUN"]

1. e4 c5 2. Nc3 Nc6 3. Bb5 g6 4. Bxc6 dxc6 5. d3 Bg7 6. f4 c4 7. Nf3 cxd3 8.
cxd3 Nf6 9. h3 O-O 10. Be3 b6 11. d4 Ba6 12. Qc2 c5 13. Rd1 cxd4 14. Nxd4 Qb8
15. e5 Nh5 16. g4 Nxf4 17. Bxf4 Bxe5 18. Bxe5 Qxe5+ 19. Nde2 Bb7 20. Rg1 b5 21.
Rd4 a5 22. Qd2 b4 23. Nd5 e6 24. Qe3 Qg7 25. Nb6 Ra6 26. Nd7 Rc8 27. Nc5 Rb6
28. Rd7 Bd5 29. Rf1 Rf8 30. Ne4 Rc6 31. Nf6+ Kh8 32. g5 Bxa2 33. Rf4 Rc2 34.
Rh4 h5 35. Ng3 Rfc8 36. Ngxh5 1-0